[Event "GER-chT U12"]
[Site "Verden an der Aller"]
[Date "2006.12.28"]
[Round "3.4"]
[White "Porzer, Manuel"]
[Black "Boehm, Malte"]
[Result "0-1"]
[WhiteElo "1034"]
[BlackElo "600"]
[PlyCount "102"]
[EventDate "2006.12.27"]
[EventType "team-swiss"]
[EventRounds "7"]
[EventCountry "GER"]
[SourceTitle "EXT 2008"]
[Source "ChessBase"]
[SourceDate "2007.11.25"]
[SourceVersion "1"]
[SourceVersionDate "2007.11.25"]
[SourceQuality "1"]
[WhiteTeam "Deizisau U12"]
[BlackTeam "Brackel SF U12"]
[WhiteTeamCountry "GER"]
[BlackTeamCountry "GER"]

1. e4 e5 2. d4 exd4 3. Qxd4 Nc6 4. Qe3 b6 5. Nc3 Bc5 6. Qf3 Nf6 7. Bf4 Nd4 8. Qd3 0-0 9. Nf3 Nxf3+ 10. Qxf3 Re8 11. 0-0-0 Bb7 12. Bd3 d5 13. Qh3 g6 14. Bg5 Be7 15. e5 Nd7 16. Be3 Nxe5 17. Bd4 Nxd3+ 18. Rxd3 c5 19. Be5 Bf6 20. Bxf6 Qxf6 21. Nxd5 Bxd5 22. Rxd5 Qxf2 23. Rd7 Qe3+ 24. Qxe3 Rxe3 25. Rf1 f5 26. b3 Re2 27. Rd2 Rxd2 28. Kxd2 Kf7 29. g4 Rd8+ 30. Kc3 Rd5 31. Kc4 Rd4+ 32. Kb5 Rxg4 33. Ka6 Rg2 34. Rc1 Re2 35. Kxa7 Re6 36. Rd1 f4 37. Rd7+ Re7 38. Rxe7+ Kxe7 39. Kxb6 f3 40. a4 f2 41. a5 f1Q 42. Kxc5 Qf2+ 43. Kb5 Qxc2 44. b4 Qxh2 45. Ka6 Qb8 46. b5 h5 47. b6 h4 48. b7 h3 49. Kb6 h2 50. a6 h1Q 51. Kb5 Qbxb7+ 0-1